[Event "22nd Hogeschool Zeeland 2018"]
[Site "Vlissingen"]
[Date "2018.08.05"]
[Round "2"]
[White "Admiraal, Miguoel"]
[Black "Rosmuller, Anton"]
[Result "1-0"]
[WhiteElo "2479"]
[BlackElo "2069"]
[Annotator "TA"]
[PlyCount "45"]
[EventDate "2018.08.04"]
[EventType "swiss"]
[EventCountry "NED"]
[SourceTitle "playchess.com"]
[Source "ChessBase"]
[SourceQuality "1"]

{[%evp 19,45,38,66,50,65,55,83,53,39,58,63,46,70,70,62,72,108,50,62,68,121,132,122,91,217,220,485,484]} 1. d4 g6 2. e4 Bg7 3. Nf3 d6 4. Bc4 Nf6 5. Qe2 O-O 6. e5 dxe5 {B06: Moderne Verteidigung} 7. dxe5 Nd5 8. h3 Nb6 9. Bb3 Nc6 10. O-O Nd4 {LiveBook: 33 Partien} 11. Nxd4 Qxd4 12. Re1 Be6 13. Nd2 Qd7 14. Nf3 c6 $146 ({Vorgänger:} 14... h6 15. Rd1 Qc8 16. Be3 Bxb3 17. axb3 {1-0 (59) Radulski,J (2586)-Levieux,P (2104) Fontenilles 2011}) 15. Bg5 Bxb3 16. axb3 Qc7 17. c4 a6 18. b4 (18. h4 $16) 18... Rfe8 19. b3 Rac8 ({Lieber} 19... Rad8 $14) 20. Rad1 $16 Rcd8 21. Qe3 Nc8 {[#]} (21... Rxd1 $16 {war einen Versuch wert.} 22. Rxd1 Rd8) 22. e6 $1 $18 f6 $2 {[#]} (22... fxe6 23. Qxe6+ Kh8) 23. Bf4 $1 {Precision: Weiß = 79%, Schwarz = 20%.} 1-0

[Event "22nd Hogeschool Zeeland 2018"]
[Site "Vlissingen"]
[Date "2018.08.05"]
[Round "2"]
[White "Romanishin, Oleg M"]
[Black "Hoeneveld, Maarten"]
[Result "1-0"]
[WhiteElo "2441"]
[BlackElo "2066"]
[Annotator "TA"]
[PlyCount "49"]
[EventDate "2018.08.04"]
[EventType "swiss"]
[EventCountry "NED"]
[SourceTitle "playchess.com"]
[Source "ChessBase"]
[SourceQuality "1"]

{[%evp 16,49,47,38,85,70,104,96,102,83,85,90,88,88,82,75,70,79,83,-5,5,0,0,0,0,-16,-13,-21,0,0,0,-1,0,0,394,397]} 1. Nf3 Nf6 2. g3 e6 3. Bg2 d5 4. O-O Be7 5. c4 O-O 6. d4 c6 7. Nc3 Nbd7 8. Qd3 Re8 9. e4 {[%cal Be2e4,Be4e5][%mdl 32] LiveBook: 4 Games. E07: Closed Catalan: Main Line (5 Nf3 0-0 6 0-0 Nbd7)} Nf8 10. Rd1 Ng6 $146 ({Predecessor:} 10... dxe4 11. Nxe4 Nxe4 12. Qxe4 Ng6 13. h4 Bf6 14. h5 Ne7 15. Bf4 Nf5 16. Rd2 Qe7 {½-½ (37) Petursson,M (2520)-Virro,T Puhajarve 2015}) 11. e5 {White is better.} dxc4 12. Qxc4 Nd5 13. Ne4 Qc7 14. Bg5 Rd8 15. Rac1 h6 16. Bxe7 Ngxe7 17. b4 ({White should play} 17. Nh4 $16) 17... Bd7 18. Nd6 Nc8 19. Nxc8 Rdxc8 20. Ne1 a5 21. a3 Qb6 {[%cal Ra5b4]} 22. Nd3 axb4 23. axb4 Ra4 24. Qc5 {[#] Hoping for Bxd5.} Be8 $2 {[%mdl 8192]} (24... Qd8 $11) 25. Bxd5 $1 {Precision: White = 57%, Black = 43%.} 1-0

[Event "22nd Hogeschool Zeeland 2018"]
[Site "Vlissingen"]
[Date "2018.08.05"]
[Round "2"]
[White "Warmerdam, Max"]
[Black "Gorny, Michael"]
[Result "1-0"]
[WhiteElo "2421"]
[BlackElo "2062"]
[Annotator "TA"]
[PlyCount "71"]
[EventDate "2018.08.04"]
[EventType "swiss"]
[EventCountry "NED"]
[SourceTitle "playchess.com"]
[Source "ChessBase"]
[SourceQuality "1"]

{[%evp 13,71,45,68,31,108,95,103,79,118,124,121,114,121,50,60,57,59,45,77,75,79,73,75,60,67,7,14,0,127,56,155,122,139,30,39,18,16,19,45,38,86,16,21,20,67,64,63,56,69,65,113,108,111,114,136,147,138,130,353,332]} 1. e4 Nf6 2. e5 Nd5 3. d4 d6 4. Nf3 dxe5 5. Nxe5 c6 6. Be2 Bf5 {B04: Aljechin-Verteidigung (Moderne Variante)} 7. O-O e6 {LiveBook: 3 Partien} (7... Nd7 8. Nf3 Qc7 9. Nh4 Be6 10. Re1 Rd8 11. Bf1 g6 12. c4 N5f6 13. Nc3 Bg7 14. h3 {1-0 (137) Grischuk,A (2772)-Ivanchuk,V (2726) Huaian 2017}) 8. a3 f6 $146 (8... Nd7 $14) ({Vorgänger:} 8... Nd7 9. c4 N5b6 10. Nxd7 Nxd7 11. Nc3 Bd6 12. d5 Nf6 13. g4 Bg6 14. g5 {½-½ (26) Kalvaitis,S (2263)-Kveinys,A (2543) Vilnius 2014}) 9. Nf3 $16 Bd6 10. Nh4 O-O 11. Nxf5 exf5 12. c4 Nf4 13. c5 (13. Bf3 $16) 13... Nxe2+ $14 14. Qxe2 Bc7 15. Rd1 Qe8 16. Qf3 $36 {[%mdl 2048] Weiss bestimmt, wo es lang geht.} Qe6 17. Nc3 Na6 18. b4 Rad8 19. d5 (19. Bb2 $14) 19... cxd5 $11 20. Nxd5 Rfe8 {[#]} (20... Be5 $11 {hält das Gleichgewicht.} 21. Rb1 Nc7 22. Nxc7 Rxd1+ 23. Qxd1 Bxc7) 21. g3 (21. Bb2 $1 $16) 21... Qe4 (21... Be5 $1 $14 22. Ra2 Nc7) 22. Qxe4 fxe4 23. Ra2 (23. Bb2 $16) 23... Kf7 24. Be3 Be5 25. Rad2 Nb8 26. b5 Rc8 27. Nb4 ({Besser ist} 27. Nf4 $16) 27... a6 $1 28. bxa6 Nxa6 29. Nxa6 bxa6 30. Rb1 Rc7 31. Rb6 Re6 32. Rd8 a5 33. Ra8 Ree7 34. Rxa5 Red7 35. Ra4 Ke7 $2 {[#]} (35... Rd3 $16 {ist eine bessere Verteidigung.} 36. Rxe4 Rxa3) 36. Rxe4 {Precision: Weiß = 43%, Schwarz = 33%.} 1-0

[Event "22nd Hogeschool Zeeland 2018"]
[Site "Vlissingen"]
[Date "2018.08.05"]
[Round "2"]
[White "Van Delft, Merijn"]
[Black "Verwoert, Jef"]
[Result "1-0"]
[WhiteElo "2395"]
[BlackElo "2040"]
[Annotator "NA"]
[PlyCount "89"]
[EventDate "2018.08.04"]
[EventType "swiss"]
[EventCountry "NED"]
[SourceTitle "playchess.com"]
[Source "ChessBase"]
[SourceQuality "1"]
[TimeControl "40/5400+30:1800+30"]

1. e4 {[%emt 0:00:00]} c5 {[%emt 0:00:00]} 2. Nf3 {[%emt 0:00:00]} g6 {[%emt 0:00:00]} 3. d4 {[%emt 0:00:00]} cxd4 {[%emt 0:00:00]} 4. Nxd4 {[%emt 0:00:00]} Nc6 {[%emt 0:00:06]} 5. c4 {[%emt 0:00:02]} Nf6 {[%emt 0:00:20]} 6. Nc3 {[%emt 0:00:07]} d6 {[%emt 0:00:12]} 7. f3 {[%emt 0:01:13]} Nxd4 {[%emt 0:04:47]} 8. Qxd4 {[%emt 0:00:09]} Bg7 {[%emt 0:00:07]} 9. Be3 {[%emt 0:00:34]} O-O {[%emt 0:04:45]} 10. Qd2 {[%emt 0:00:06]} Qa5 {[%emt 0:03:03]} 11. Rc1 {[%emt 0:08:15]} Be6 {[%emt 0:01:01]} 12. b3 {[%emt 0:01:16] B36: Sicilian: Maroczy Bind: Gurgenidze System} Rfc8 {[%emt 0:02:51]} 13. Bd3 {[%emt 0:02:33]} (13. Be2 a6 14. Na4 Qxd2+ 15. Kxd2 Nd7 16. g4 f5 17. gxf5 gxf5 18. Rhg1 Kh8 19. Bd3 f4 20. Bf2 Bf6 21. Nb6 Nxb6 22. Bxb6 Rg8 23. a4 Rxg1 24. Rxg1 a5 {½-½ (75) Malakhov,V (2686)-Guseinov,G (2646) Riadh 2017}) 13... a6 {[%emt 0:03:34]} 14. Na4 {[%emt 0:03:44]} Qxd2+ {[%emt 0:01:20]} 15. Kxd2 {[%emt 0:00:08]} Nd7 {[%emt 0:10:05]} 16. g4 {[%emt 0:02:54]} Rc6 {[%emt 0:06:59]} 17. Be2 {[%emt 0:04:49]} Rac8 {[%emt 0:06:09]} 18. h4 {[%emt 0:03:26]} Nc5 $146 {[%emt 0:08:34]} ({Predecessor:} 18... f5 19. exf5 gxf5 20. g5 d5 21. cxd5 Bxd5 22. Rxc6 Rxc6 23. Rc1 Rxc1 24. Kxc1 {1-0 (43) Bragin,A (2399)-Vasiliev,V (2347) Tula 2007}) 19. Nc3 {[%emt 0:01:43]} Nd7 {[%emt 0:23:38]} 20. Nd5 {[%emt 0:07:14]} Bxd5 {[%emt 0:00:55]} 21. exd5 {[%emt 0:03:19]} R6c7 {[%emt 0:00:17]} 22. h5 {[%emt 0:05:34]} Bb2 {[%emt 0:04:13]} 23. Rc2 {[%emt 0:08:19]} Bg7 {[%emt 0:02:09]} 24. h6 {[%emt 0:04:44]} Bh8 {[%emt 0:02:16]} 25. Rhc1 {[%emt 0:05:25]} e6 {[%emt 0:06:43]} 26. dxe6 {[%emt 0:02:09]} fxe6 {[%emt 0:00:06]} 27. g5 {[%emt 0:03:13]} Ne5 {[%emt 0:04:52]} 28. Kd1 {[%emt 0:04:45]} d5 {[%emt 0:02:22]} 29. cxd5 {[%emt 0:02:25]} Rxc2 {[%emt 0:00:26]} 30. Rxc2 {[%emt 0:00:03]} Rxc2 {[%emt 0:00:28]} 31. Kxc2 {[%emt 0:00:02]} exd5 {[%emt 0:00:14]} 32. f4 {[%emt 0:09:41]} Nc6 {[%emt 0:01:17]} 33. Bg4 {[%emt 0:04:22]} Kf7 {[%emt 0:01:57]} 34. Bc5 {[%emt 0:01:56]} Nd4+ {[%emt 0:00:22]} 35. Kd3 {[%emt 0:00:51]} Nc6 {[%emt 0:00:37]} 36. Bc8 {[%emt 0:01:00]} b6 {[%emt 0:00:24]} 37. Bxb6 {[%emt 0:01:59]} Nb4+ {[%emt 0:00:27]} 38. Kd2 {[%emt 0:01:25]} Nxa2 {[%emt 0:00:41]} 39. Bxa6 {[%emt 0:00:43]} Bc3+ {[%emt 0:00:33]} 40. Kd3 {[%emt 0:05:47]} Bb4 {[%emt 0:00:38]} 41. Bb7 {[%emt 0:10:31]} Ke6 {[%emt 0:02:21]} 42. Bc8+ {[%emt 0:00:10]} Kf7 {[%emt 0:00:17]} 43. Be3 {[%emt 0:02:05]} Ba3 {[%emt 0:02:56]} 44. f5 {[%emt 0:07:25]} Nc1+ {[%emt 0:06:16] Ke4 [%clk 0:00:00]} 45. Kc2 $18 {[%emt 0:01:01]} 1-0

[Event "22nd Hogeschool Zeeland 2018"]
[Site "Vlissingen"]
[Date "2018.08.05"]
[Round "2"]
[White "Shyaamnikhil, P."]
[Black "Bekedam, Tyro"]
[Result "1/2-1/2"]
[WhiteElo "2389"]
[BlackElo "2014"]
[Annotator "NA"]
[PlyCount "161"]
[EventDate "2018.08.04"]
[EventType "swiss"]
[EventCountry "NED"]
[SourceTitle "playchess.com"]
[Source "ChessBase"]
[SourceQuality "1"]
[TimeControl "40/5400+30:1800+30"]

1. e4 {[%emt 0:00:00]} c5 {[%emt 0:00:00]} 2. f4 {[%emt 0:00:22]} e6 {[%emt 0:00:51]} 3. Nf3 {[%emt 0:00:25]} Nc6 {[%emt 0:00:27]} 4. Nc3 {[%emt 0:09:03]} Nge7 {[%emt 0:02:51]} 5. d4 {[%emt 0:05:06]} cxd4 {[%emt 0:04:01]} 6. Nxd4 {[%emt 0:00:08]} Nxd4 {[%emt 0:01:10]} 7. Qxd4 {[%emt 0:00:07]} Nc6 {[%emt 0:00:08]} 8. Qf2 {[%emt 0:00:18]} Qc7 {[%emt 0:04:14] B23: Closed Sicilian: Lines without g3} (8... d5 9. Bd3 Be7 10. O-O O-O 11. a3 a6 12. Kh1 d4 13. Ne2 b5 14. b4 Ra7 15. Bb2 Rd7 16. e5 Bb7 17. Qg3 {½-½ (38) Vocaturo,D (2542)-Iturrizaga Bonelli,E (2625) San Cristobal 2012}) 9. a3 $146 {[%emt 0:05:17]} ({Predecessor:} 9. Bd3 Nb4 10. Be3 b6 11. O-O Bb7 12. a3 Nxd3 13. cxd3 Be7 14. Rac1 Qd8 15. Nb5 O-O 16. Nxa7 {½-½ (31) Brustkern,J (2288)-Kahn,E (2355) Budapest 2002}) 9... a6 {[%emt 0:03:48]} 10. Be3 {[%emt 0:00:43]} b5 {[%emt 0:00:46]} 11. Bb6 {[%emt 0:00:10]} Qb7 {[%emt 0:07:21]} 12. e5 {[%emt 0:01:05]} Rb8 {[%emt 0:09:23]} 13. Bc5 {[%emt 0:01:35]} Bxc5 {[%emt 0:03:47]} 14. Qxc5 {[%emt 0:00:07]} Qb6 {[%emt 0:00:45]} 15. Ne4 {[%emt 0:05:34]} Qxc5 {[%emt 0:02:07]} 16. Nxc5 {[%emt 0:00:06]} f6 {[%emt 0:01:02]} 17. exf6 {[%emt 0:00:40]} gxf6 {[%emt 0:00:06]} 18. O-O-O {[%emt 0:00:26]} Ke7 {[%emt 0:03:39]} 19. g3 {[%emt 0:00:44]} d6 {[%emt 0:04:57]} 20. Nb3 {[%emt 0:01:42]} e5 {[%emt 0:02:40]} 21. Bg2 {[%emt 0:01:44]} Rb6 {[%emt 0:01:29]} 22. Nd2 {[%emt 0:11:22]} Bg4 {[%emt 0:03:26]} 23. Rde1 {[%emt 0:04:53]} Rc8 {[%emt 0:01:52]} 24. c3 {[%emt 0:00:48]} b4 {[%emt 0:05:11]} 25. fxe5 {[%emt 0:12:46]} dxe5 {[%emt 0:02:51]} 26. axb4 {[%emt 0:02:02]} Nxb4 {[%emt 0:00:56]} 27. Be4 {[%emt 0:00:09]} h6 {[%emt 0:11:15]} 28. Bb1 {[%emt 0:12:15]} Nd5 {[%emt 0:03:11]} 29. Bc2 {[%emt 0:00:09]} Rcb8 {[%emt 0:06:12]} 30. Nc4 {[%emt 0:00:14]} Rc6 {[%emt 0:00:26]} 31. Ne3 {[%emt 0:07:32]} Nxe3 {[%emt 0:01:08]} 32. Rxe3 {[%emt 0:00:06]} Rcb6 {[%emt 0:00:18]} 33. b3 {[%emt 0:00:50]} Be6 {[%emt 0:01:00]} 34. c4 {[%emt 0:00:07]} a5 {[%emt 0:00:27]} 35. Rc3 {[%emt 0:01:45]} Rb4 {[%emt 0:01:12]} 36. Kd2 {[%emt 0:00:35]} a4 {[%emt 0:01:59]} 37. bxa4 {[%emt 0:00:07]} Bxc4 {[%emt 0:01:22]} 38. Ra1 {[%emt 0:00:23]} Bd5 {[%emt 0:01:09]} 39. a5 {[%emt 0:00:52]} Ra8 {[%emt 0:03:06]} 40. a6 {[%emt 0:02:03]} Ra7 {[%emt 0:01:20]} 41. Bd3 {[%emt 0:32:15]} Kd6 {[%emt 0:34:50]} 42. Ke3 {[%emt 0:02:01]} Rb2 {[%emt 0:01:13]} 43. Rf1 {[%emt 0:06:04]} Ke6 {[%emt 0:00:00]} 44. Rf2 {[%emt 0:00:00]} Rb4 {[%emt 0:00:00]} 45. Rd2 {[%emt 0:00:00]} h5 {[%emt 0:00:00]} 46. Rc5 {[%emt 0:00:00]} h4 {[%emt 0:00:00]} 47. Bf1 {[%emt 0:00:00]} Re4+ {[%emt 0:00:00]} 48. Kf2 $11 {[%emt 0:00:00]} hxg3+ {[%emt 0:00:00]} 49. hxg3 {[%emt 0:00:00]} Ba8 {[%emt 0:00:00]} 50. Rb2 {[%emt 0:00:00]} Ra4 {[%emt 0:00:00]} 51. Rb6+ {[%emt 0:00:00]} Ke7 {[%emt 0:00:00]} 52. Bc4 {[%emt 0:00:00]} Rd7 {[%emt 0:00:00]} 53. Re6+ {[%emt 0:00:00]} Kf7 {[%emt 0:00:00]} 54. Rd6+ {[%emt 0:00:00]} Ke7 {[%emt 0:00:00]} 55. Rb6 {[%emt 0:00:35]} Rd2+ {[%emt 0:04:01]} 56. Ke3 {[%emt 0:00:23]} Rd4 {[%emt 0:00:42]} 57. Rc7+ {[%emt 0:02:24]} Rd7 {[%emt 0:01:45]} 58. Rxd7+ {[%emt 0:02:47]} Kxd7 {[%emt 0:00:06]} 59. Bb5+ {[%emt 0:00:04]} Kc7 {[%emt 0:00:03]} 60. Rxf6 {[%emt 0:00:06]} Ra3+ {[%emt 0:00:20]} 61. Kf2 {[%emt 0:00:08]} Ra2+ {[%emt 0:00:16]} 62. Ke1 {[%emt 0:01:12]} Ra1+ {[%emt 0:00:42]} 63. Kd2 {[%emt 0:00:08]} Ra2+ {[%emt 0:00:06]} 64. Kc1 {[%emt 0:01:38]} Rg2 {[%emt 0:00:28]} 65. Rg6 {[%emt 0:00:35]} Be4 {[%emt 0:02:04]} 66. Rg5 {[%emt 0:00:26]} Kb6 {[%emt 0:00:19]} 67. a7 {[%emt 0:02:29]} Kxb5 {[%emt 0:00:55]} 68. Rxe5+ {[%emt 0:00:09]} Kb6 {[%emt 0:00:04]} 69. Rxe4 {[%emt 0:00:09]} Kxa7 {[%emt 0:00:04]} 70. Re3 {[%emt 0:00:47]} Kb6 {[%emt 0:00:11]} 71. Kd1 {[%emt 0:00:08]} Kc5 {[%emt 0:01:13]} 72. Ke1 {[%emt 0:00:05]} Kd4 {[%emt 0:00:23]} 73. Kf1 {[%emt 0:00:05]} Ra2 {[%emt 0:00:12]} 74. Re8 {[%emt 0:00:08]} Kd5 {[%emt 0:00:10]} 75. Kg1 {[%emt 0:00:57]} Rb2 {[%emt 0:00:18]} 76. g4 {[%emt 0:00:20]} Rb4 {[%emt 0:01:13]} 77. Rg8 {[%emt 0:00:06]} Ke6 {[%emt 0:00:14]} 78. Kg2 {[%emt 0:00:06]} Kf7 {[%emt 0:00:04]} 79. Rg5 {[%emt 0:00:05]} Kf6 {[%emt 0:00:07]} 80. Rg8 {[%emt 0:00:09]} Kf7 {[%emt 0:00:04]} 81. Rg5 {[%emt 0:00:03]} 1/2-1/2

[Event "22nd Hogeschool Zeeland 2018"]
[Site "Vlissingen"]
[Date "2018.08.05"]
[Round "2"]
[White "Timmermans, Mark"]
[Black "Balla, Tom"]
[Result "1-0"]
[WhiteElo "2383"]
[BlackElo "2007"]
[Annotator "NA"]
[PlyCount "45"]
[EventDate "2018.08.04"]
[EventType "swiss"]
[EventCountry "NED"]
[SourceTitle "playchess.com"]
[Source "ChessBase"]
[SourceQuality "1"]
[TimeControl "40/5400+30:1800+30"]

1. e4 {[%emt 0:00:00]} c5 {[%emt 0:00:00]} 2. Ne2 {[%emt 0:00:20]} Nc6 {[%emt 0:01:23]} 3. g3 {[%emt 0:00:28]} d5 {[%emt 0:03:20]} 4. Bg2 {[%emt 0:00:30]} Nf6 {[%emt 0:01:29]} 5. exd5 {[%emt 0:00:31]} Nxd5 {[%emt 0:00:06]} 6. O-O {[%emt 0:00:16]} e5 {[%emt 0:04:27]} 7. d3 {[%emt 0:02:05]} Be7 {[%emt 0:01:56]} 8. Nbc3 {[%emt 0:00:10]} Nc7 {[%emt 0:04:15]} 9. f4 {[%emt 0:04:08]} exf4 {[%emt 0:04:39]} 10. Nxf4 {[%emt 0:00:40]} O-O {[%emt 0:00:35]} 11. Be3 {[%emt 0:07:05]} Bd7 {[%emt 0:08:56]} 12. Qd2 {[%emt 0:04:21]} Rc8 {[%emt 0:08:12]} 13. Rae1 {[%emt 0:07:41]} Ne6 {[%emt 0:01:58]} 14. Nfd5 {[%emt 0:02:18]} b6 {[%emt 0:09:15]} 15. Rf2 {[%emt 0:00:54]} Bg5 {[%emt 0:02:19]} 16. Ne4 {[%emt 0:04:57]} Bxe3 {[%emt 0:05:55]} 17. Qxe3 {[%emt 0:00:25]} f6 {[%emt 0:09:43]} 18. Ref1 {[%emt 0:14:24]} Ncd4 {[%emt 0:07:24]} 19. c3 {[%emt 0:08:38]} f5 {[%emt 0:00:45]} 20. Nd6 {[%emt 0:00:55]} f4 {[%emt 0:05:13]} 21. Nxf4 {[%emt 0:02:04]} Nxf4 {[%emt 0:00:42]} 22. Rxf4 {[%emt 0:00:06]} Rxf4 {[%emt 0:00:25]} 23. Rxf4 {[%emt 0:00:42]} 1-0

[Event "22nd Hogeschool Zeeland 2018"]
[Site "Vlissingen"]
[Date "2018.08.05"]
[Round "2"]
[White "Grooten, Herman"]
[Black "Kreutzmann, Duke"]
[Result "1-0"]
[WhiteElo "2374"]
[BlackElo "1987"]
[Annotator "NA"]
[PlyCount "115"]
[EventDate "2018.08.04"]
[EventType "swiss"]
[EventCountry "NED"]
[SourceTitle "playchess.com"]
[Source "ChessBase"]
[SourceQuality "1"]
[TimeControl "40/5400+30:1800+30"]

1. d4 {[%emt 0:00:18]} e6 {[%emt 0:00:00]} 2. c4 {[%emt 0:00:08]} Bb4+ {[%emt 0:00:00]} 3. Nd2 {[%emt 0:00:36]} Nf6 {[%emt 0:00:00]} 4. a3 {[%emt 0:00:15]} Bxd2+ {[%emt 0:00:00]} 5. Bxd2 {[%emt 0:01:17]} b6 {[%emt 0:00:06]} 6. f3 {[%emt 0:00:31]} Bb7 {[%emt 0:00:24]} 7. e3 {[%emt 0:03:46]} d6 {[%emt 0:02:11]} 8. Bd3 {[%emt 0:00:23]} c5 {[%emt 0:02:15]} 9. Ne2 {[%emt 0:00:26]} Nbd7 {[%emt 0:00:14]} 10. O-O {[%emt 0:00:32]} Qe7 {[%emt 0:01:12]} 11. e4 {[%emt 0:05:42]} cxd4 {[%emt 0:09:27]} 12. Nxd4 {[%emt 0:00:09]} O-O {[%emt 0:00:06]} 13. Re1 {[%emt 0:01:38]} a6 {[%emt 0:03:05]} 14. Bf1 {[%emt 0:08:21]} Rac8 {[%emt 0:02:37]} 15. Rc1 {[%emt 0:01:52]} Rfd8 {[%emt 0:03:43]} 16. Be3 {[%emt 0:05:15]} Ne5 {[%emt 0:01:33]} 17. Bf2 {[%emt 0:01:21]} Qc7 {[%emt 0:00:58]} 18. b4 {[%emt 0:04:55]} h6 {[%emt 0:16:47]} 19. Nb3 {[%emt 0:01:58]} Bc6 {[%emt 0:10:54]} 20. Qd4 {[%emt 0:04:27]} Ba4 {[%emt 0:05:10]} 21. Qb2 {[%emt 0:02:38]} Qb7 {[%emt 0:02:38]} 22. Nd2 {[%emt 0:02:42]} Nh5 {[%emt 0:08:47]} 23. Qd4 {[%emt 0:05:53]} Nd7 {[%emt 0:07:12]} 24. Nb1 {[%emt 0:04:38]} Qb8 {[%emt 0:01:51]} 25. Nc3 {[%emt 0:00:55]} Bc6 {[%emt 0:00:25]} 26. Red1 {[%emt 0:00:51]} Ne5 {[%emt 0:08:25]} 27. Qxb6 {[%emt 0:03:44]} Qa8 {[%emt 0:00:02]} 28. Qa7 {[%emt 0:02:45]} g5 {[%emt 0:02:39]} 29. Qxa8 {[%emt 0:02:59]} Bxa8 {[%emt 0:00:02]} 30. c5 {[%emt 0:01:07]} Bb7 {[%emt 0:01:06]} 31. cxd6 {[%emt 0:01:26]} Rc6 {[%emt 0:00:31]} 32. Bc5 {[%emt 0:06:09]} Nd7 {[%emt 0:00:30]} 33. Ne2 {[%emt 0:01:01]} e5 {[%emt 0:00:26]} 34. Ng3 {[%emt 0:01:41]} Nxg3 {[%emt 0:00:57]} 35. hxg3 {[%emt 0:00:07]} Kf8 {[%emt 0:00:12]} 36. Be3 {[%emt 0:01:58]} Rdc8 {[%emt 0:00:35]} 37. b5 {[%emt 0:01:26]} Rxc1 {[%emt 0:00:26]} 38. Rxc1 {[%emt 0:00:08]} Rxc1 {[%emt 0:01:25]} 39. Bxc1 {[%emt 0:00:05]} axb5 {[%emt 0:01:16]} 40. Bxb5 {[%emt 0:00:09]} Ke8 {[%emt 0:00:47]} 41. Be3 {[%emt 0:32:33]} Kd8 {[%emt 0:30:30]} 42. Kh2 {[%emt 0:03:38]} f6 {[%emt 0:01:11]} 43. Kh3 {[%emt 0:00:45]} h5 {[%emt 0:00:40]} 44. a4 {[%emt 0:01:50]} Nb8 {[%emt 0:00:22]} 45. a5 {[%emt 0:03:07]} Nc6 {[%emt 0:00:16]} 46. a6 {[%emt 0:02:02]} Ba8 {[%emt 0:00:11]} 47. f4 {[%emt 0:01:34]} gxf4 {[%emt 0:01:27]} 48. gxf4 {[%emt 0:00:07]} exf4 {[%emt 0:00:31]} 49. Bxf4 {[%emt 0:00:30]} Nd4 {[%emt 0:00:24]} 50. Ba4 {[%emt 0:02:58]} Bxe4 {[%emt 0:00:35]} 51. Be3 {[%emt 0:00:54]} Ne6 {[%emt 0:02:34]} 52. Bb6+ {[%emt 0:00:08]} Kc8 {[%emt 0:00:58]} 53. d7+ {[%emt 0:00:05]} Kb8 {[%emt 0:00:21]} 54. Bb3 {[%emt 0:00:27]} Nd8 {[%emt 0:00:39]} 55. Bxd8 {[%emt 0:06:08]} Bf5+ {[%emt 0:00:11]} 56. Kh2 {[%emt 0:00:15]} Bxd7 {[%emt 0:00:16]} 57. Bb6 {[%emt 0:00:15]} Bc6 {[%emt 0:00:17]} 58. Bd1 {[%emt 0:00:06]} 1-0

[Event "22nd Hogeschool Zeeland 2018"]
[Site "Vlissingen"]
[Date "2018.08.05"]
[Round "2"]
[White "Bressy, Theo"]
[Black "Iturrizaga Bonelli, Eduardo"]
[Result "0-1"]
[WhiteElo "2140"]
[BlackElo "2640"]
[Annotator "TA"]
[PlyCount "109"]
[EventDate "2018.08.04"]
[EventType "swiss"]
[EventCountry "NED"]
[SourceTitle "playchess.com"]
[Source "ChessBase"]
[SourceQuality "1"]

{[%evp 15,109,4,32,21,14,0,0,0,0,0,0,0,0,-56,-55,-41,-36,-58,-60,-91,-25,-27,-35,-63,-57,-87,-83,-89,-88,-106,-100,-106,-26,-53,-52,-100,-94,-140,-122,-176,-183,-206,-207,-198,-196,-196,-212,-208,-201,-231,-236,-228,-236,-252,-235,-341,-343,-325,-331,-316,-327,-577,-573,-554,-554,-675,-674,-662,-657,-643,-640,-655,-659,-649,-581,-552,-516,-608,-591,-1636,-1626,-985,-712,-1618,-1618,-1458,-856,-29976,-29974,-29973,-5531,-29976,-5535,-29977,-29978,-29978]} 1. Nf3 c5 2. e4 e6 3. d4 cxd4 4. Nxd4 a6 5. Bd3 Qc7 6. O-O Nf6 7. Nc3 Be7 8. a4 {B43: Sicilian: Kan Variation: 5 Nc3} (8. Qe2 d6 9. a4 b6 10. f4 Nbd7 11. Bd2 Bb7 12. Kh1 h5 13. Rae1 h4 14. Kg1 Rc8 15. Bxa6 h3 16. Ndb5 Qb8 17. Bxb7 Qxb7 {1-0 (37) Najer,E (2679)-Pichot,A (2544) Doha 2016}) 8... d6 {LiveBook: 4 Games} 9. Nb3 b6 {[%cal Bb7b6,Bb6b5][%mdl 32]} 10. Qf3 {The position is equal.} O-O $146 ({Predecessor:} 10... Bb7 11. Qg3 Nbd7 12. f4 g6 {0-1 (30) Sypien,M (2103)-Marszalek,M (2166) Zakopane 2001}) 11. Re1 Bb7 12. Qg3 Re8 13. Be3 Nbd7 14. a5 ({Better is} 14. Bh6 $11 Bf8 15. Bg5) 14... b5 $1 $15 15. f3 Rac8 16. Bd4 Ne5 17. f4 Nc6 ({Black should try} 17... Nh5 $17 18. Qe3 Nxd3 19. cxd3 e5) 18. Bb6 $11 Qb8 19. Nd4 Nb4 20. Nf3 Nd7 21. Bd4 {[%csl Gd4][%cal Rg3g7] [#]} e5 22. Be3 Nc5 23. Rad1 Bf6 ({Black should play} 23... Ncxd3 $17 24. cxd3 Nc2) 24. fxe5 dxe5 25. Qf2 Qc7 26. g4 Red8 $36 {[%cal Rc5d3][%mdl 2048] Black has strong initiative.} 27. g5 (27. Bxc5 $17 Qxc5 28. Qxc5 Rxc5 29. g5) 27... Be7 $19 {[%cal Rc5d3]} ({Don't do} 27... Rxd3 28. cxd3 Nbxd3 29. Qf1 $17) 28. Bf1 Rxd1 29. Rxd1 Nxe4 30. Nxe4 Bxe4 31. Bb6 Qxc2 32. Rd2 Qb3 33. Nxe5 {[#] And now Bc4! would win.} Qe6 34. Qf4 Ba8 35. Re2 (35. h4 {is a better defense.}) 35... Nd5 36. Qg3 Nxb6 37. Nd3 Qd7 38. Bh3 $2 (38. axb6 Bd8 39. Qe3 Qg4+ 40. Kf2) 38... Qd4+ 39. Kf1 Be4 40. axb6 {Hoping for Rxe4.} Bxd3 41. Bxc8 {intending b7.} Bxe2+ 42. Kxe2 Qc4+ 43. Kf3 Qxc8 44. Qc7 Qd8 45. Qc6 Bd6 46. b7 Bc7 47. Qxa6 Qd5+ 48. Kf2 Qf5+ 49. Ke2 Qe6+ 50. Qxe6 fxe6 51. Kd3 Bxh2 52. Kd4 h5 53. gxh6 gxh6 {[%cal Bg7h6,Bh6h5][%mdl 32]} 54. Kc5 h5 55. Kd4 {Precision: White = 32%, Black = 79%.} 0-1